Operating System Concepts (Record no. 594411)
[ view plain ]
| 000 -LEADER | |
|---|---|
| fixed length control field | 00448nam a22001577a 4500 |
| 020 ## - INTERNATIONAL STANDARD BOOK NUMBER | |
| International Standard Book Number | 9788126554270 |
| 040 ## - CATALOGING SOURCE | |
| Transcribing agency | NUST |
| 082 ## - DEWEY DECIMAL CLASSIFICATION NUMBER | |
| Classification number | 005.43 SIL |
| 100 ## - MAIN ENTRY--PERSONAL NAME | |
| Personal name | Gagne, Gerg |
| 9 (RLIN) | 111647 |
| 110 ## - MAIN ENTRY--CORPORATE NAME | |
| Corporate name or jurisdiction name as entry element | Galvin, Peter B. Silberschatz, Abraham |
| 9 (RLIN) | 111648 |
| 245 ## - TITLE STATEMENT | |
| Title | Operating System Concepts |
| 250 ## - EDITION STATEMENT | |
| Edition statement | 9th edition |
| 260 ## - PUBLICATION, DISTRIBUTION, ETC. | |
| Place of publication, distribution, etc. | New Delhi: |
| Name of publisher, distributor, etc. | John Wiley & Sons, |
| Date of publication, distribution, etc. | 2016. |
| 650 ## - SUBJECT ADDED ENTRY--TOPICAL TERM | |
| Topical term or geographic name entry element | DCE TEXTBOOK OPERATING SYSTEM CONCEPTS |
| 9 (RLIN) | 111649 |
| 942 ## - ADDED ENTRY ELEMENTS (KOHA) | |
| Source of classification or shelving scheme | |
| Koha item type | Text Books |
| Withdrawn status | Lost status | Source of classification or shelving scheme | Damaged status | Not for loan | Permanent Location | Current Location | Shelving location | Date acquired | Total Checkouts | Full call number | Barcode | Date last seen | Price effective from | Koha item type |
|---|---|---|---|---|---|---|---|---|---|---|---|---|---|---|
| College of Electrical & Mechanical Engineering (CEME) | College of Electrical & Mechanical Engineering (CEME) | Reference | 03/31/2023 | 005.43 SIL | CEME-48579 | 03/31/2023 | 03/31/2023 | Text Books | ||||||
| College of Electrical & Mechanical Engineering (CEME) | College of Electrical & Mechanical Engineering (CEME) | Reference | 03/31/2023 | 005.43 SIL | CEME-48578 | 03/31/2023 | 03/31/2023 | Text Books | ||||||
| College of Electrical & Mechanical Engineering (CEME) | College of Electrical & Mechanical Engineering (CEME) | Reference | 03/31/2023 | 005.43 SIL | CEME-48577 | 03/31/2023 | 03/31/2023 | Text Books | ||||||
| College of Electrical & Mechanical Engineering (CEME) | College of Electrical & Mechanical Engineering (CEME) | Reference | 03/31/2023 | 005.43 SIL | CEME-48576 | 03/31/2023 | 03/31/2023 | Text Books | ||||||
| College of Electrical & Mechanical Engineering (CEME) | College of Electrical & Mechanical Engineering (CEME) | Reference | 03/31/2023 | 005.43 SIL | CEME-48575 | 03/31/2023 | 03/31/2023 | Text Books |
